RESEARCH METHODS (Record no. 216484)

MARC details
000 -LEADER
fixed length control field 00614nam a22001817a 4500
008 - FIXED-LENGTH DATA ELEMENTS--GENERAL INFORMATION
fixed length control field 260119b |||||||| |||| 00| 0 eng d
020 ## - INTERNATIONAL STANDARD BOOK NUMBER
International Standard Book Number 9966-41-107-0
100 ## - MAIN ENTRY--PERSONAL NAME
Personal name MUGENDA OLIVE M.
245 ## - TITLE STATEMENT
Title RESEARCH METHODS
Remainder of title QUANTITATIVE, QUALITATIVE AND MIXED METHODS APPROACHES
250 ## - EDITION STATEMENT
Edition statement 3RD ED.
260 ## - PUBLICATION, DISTRIBUTION, ETC.
Place of publication, distribution, etc. NAIROBI
Name of publisher, distributor, etc. ACTS PRESS
Date of publication, distribution, etc. 2019
300 ## - PHYSICAL DESCRIPTION
Extent XVIII,429P.
500 ## - GENERAL NOTE
General note INCCLUDES BIBLIOGRAPHICAL REFERENCES AND INDEX
650 ## - SUBJECT ADDED ENTRY
Topical term or geographic name entry element 1. SOCIAL SCIENCE - METHODOLOGY 2. SOCIAL SCIENCES - RESEARCH 3. RESEARCH - DATA PROCESSING
700 ## - ADDED ENTRY--PERSONAL NAME
Personal name MUGENDA, ABEL G.
942 ## - ADDED ENTRY ELEMENTS (KOHA)
Source of classification or shelving scheme Library of Congress Classification
Koha item type Long Loan Book
Holdings
Withdrawn status Lost status Source of classification or shelving scheme Damaged status Not for loan Collection Home library Current library Shelving location Date acquired Inventory number Total checkouts Full call number Barcode Date last seen Date last checked out Copy number Price effective from Koha item type
    Library of Congress Classification     Arts & Social Sciences Kisii University Library Kisii University Library On Display 01/19/2026 110915 1 H 62 .M84 2019 000000018286 04/08/2026 02/03/2026 C.1 01/19/2026 Long Loan Book
    Library of Congress Classification     Arts & Social Sciences Kisii University Library Kisii University Library On Display 01/19/2026 110916 1 H 62 .M84 2019 000000018285 04/21/2026 04/08/2026 C.2 01/19/2026 Long Loan Book
    Library of Congress Classification     Arts & Social Sciences Kisii University Library Kisii University Library On Display 01/19/2026 110917   H 62 .M84 2019 000000024989 01/19/2026 01/19/2026 C.3 01/19/2026 Long Loan Book
    Library of Congress Classification     Arts & Social Sciences Kisii University Library Kisii University Library On Display 01/19/2026 110918 1 H 62 .M84 2019 000000024990 03/28/2026 02/10/2026 C.4 01/19/2026 Long Loan Book